Felháborító vádaskodások A Csemadok a Slobodník-interjúról

Bibliographic Details
Main Authors: Kolár, Péter (Author), Slobodník, Dušan, 1927-2001 (Author)
Format: Article
Language:Hungarian
Subjects:

MARC

LEADER 00000nab a2200000 a 4500
001 vtls000591855
003 SK-MaSNL
005 20260319073513.0
008 180331c1996 xo 0 hun
015 |a SNBRB19rr/mm-uuuuu 
035 |a CL0591994 
040 |a SNKBUCL  |b slo  |c SNKBUCL  |e AACR2 
041 0 |a hun 
044 |a xo  |c SK 
080 |a 323.15(437.6=945.11):061.2  |2 1981 
100 1 |a Kolár, Péter  |4 aut  |9 280248 
245 1 0 |a Felháborító vádaskodások  |b A Csemadok a Slobodník-interjúról  |c Péter Kolár 
650 0 7 |a Maďari na Slovensku  |2 snkbucl  |9 373044 
650 0 7 |a Csemadok  |2 snkbucl  |9 893810 
655 7 |a články z novín a časopisov  |2 snkbucl  |9 267496 
700 1 |a Slobodník, Dušan,  |d 1927-2001  |4 aut  |9 103407 
773 0 |t Új szó  |g Roč. 49, č. 167 (19. 7. 1996), s. 5 
850 |a Slovenská národná knižnica v Martine  |a DSG001 
852 |a SNK  |b KIS3GCP 
958 |a RK 
958 |a HU 
958 |a SK 
992 |a RBX 
999 |c 1616421  |d 1618351